Statistiques concernant Classement premier league 2015 2016

Cliquez ici pour prendre le quiz!

Statistiques générales

  • Ce quiz a été pris 165 fois
  • Le résultat moyen est 13 sur 20

Statistiques - réponses

PlaceEquipePts% Correct
4Manchester city66
100%
5Manchester united66
100%
2Arsenal71
97%
10Chelsea50
95%
1Leicester81
95%
8Liverpool60
95%
3Tottenham70
95%
20Aston villa17
82%
7West ham62
75%
11Everton47
73%
18Newcastle37
73%
15Crystal Palace42
60%
6Southampton63
53%
17Sunderland39
43%
19Norwich34
41%
16Bournemouth42
37%
13Watford45
32%
12Swansea47
23%
14West Bromwich43
22%
9Stoke city51
16%

Distribution des résultats

Percentile par nombre de réponses

% des personnes avec chaque résultat

Votre développement - résultats

Vous n’avez pas pris ce quiz